000 00796nam1a22002771 4500
001 v19\rc\1967593
005 20251118181042.8
035 _a(NLR Aleph) 005050092
090 _a6885414
_c6885414
100 _a20080428d1914 u y0rusy50 ca
101 0 _arus
102 _aRU
105 _ay j |||||
200 1 _aЧто говорит жизнь
_eЛекции-беседы. Вып. 1-
_fВ.П. Быков
210 _aМосква
_cЕ.И. Быкова
_d1914
215 _d23
700 1 _aБыков
_bВ.П.
_gВладимир Павлович
801 0 _aRU
_bNLR
_gpsbo
801 0 _aRU
_bRuMoRGB
_2psbo
801 1 _aRU
_bProSoft-M
_2rusmarc
852 _aNLR
_j40.3.7.300
899 _aRuMoRGB
_jJ 89/605
899 _aRuMoRGB
_jV 112/39
899 _aБАН
942 _cBOOK
980 _aNB